000 00989nas a2200313 4500
001 BR2011000460
003 BR-BrBNA
005 20231205114925.0
007 ta
008 230509b bl.|||p| |||| 00| 00por d
040 _aBR-BrBNA
_bpor
_cBiblioteca Nacional de Agricultura
041 _a(Pt)
072 _aQ04; Q03
100 1 _aSimm, E.M.
100 1 _aAndrade, N.J. de
100 1 _aMendonça, R.C.S.
100 1 _aPassos, F.J.V.
100 1 _aChaves, J.B.P.
245 1 _aInterferência de substâncias orgânicas e esporos de Bacillus subtilis na medida de ATP-bioluminescência
650 _aINDÚSTRIA ALIMENTÍCIA
650 _aHIGIENE DE ALIMENTO
650 _aESPORO
650 _aATP
650 _aRADIAÇÃO LUMINOSA
650 _aANÁLISE MICROBIOLÓGICA
773 0 _tBrazilian Journal of Food Technology (Brazil)
_xISSN 1519-0900
_g(Oct-Dec 2006), v. 9(4) p. 305-310
_wBR2011000460
909 _a202311
_bLúcia
_c55
_dLúcia Elande
942 _2AGRIS
_n0
_cANA
999 _c211236
_d211236